| 000 | 00884nam a2200217 a 4500 | ||
|---|---|---|---|
| 005 | 20140310183346.0 | ||
| 008 | 070209s19uu xx 00 eng d | ||
| 020 | _a0826491030 | ||
| 050 |
_aRJ 506.S68 _b.M33 2006 |
||
| 100 | _aMcMinn, Jill | ||
| 245 |
_aSupporting children with Speech and Language Impairment and Associated Difficulties : _bsuggestions for supporting the development of language, listening, behavior and co-ordination skills / _cJill McMinn. |
||
| 250 | _a2nd ed. | ||
| 260 |
_aLondon : _bContinuum International Publishing Group, _c2006. |
||
| 300 |
_a190 p. : _bill. ; _c30 cm. |
||
| 521 | _aEDU | ||
| 650 | _aSpecific language impairment in children. | ||
| 650 |
_aSpecific language impairment in children _xPatients _xEducation. |
||
| 650 |
_aSpecific language impairment in children _xPatients _xRehabilitation. |
||
| 942 |
_cBK _2lcc _kFOR |
||
| 999 |
_c21941 _d21941 |
||